=LDR 00000nam 2200000 4500 =001 INLIS000000000015166 =005 20130612110440 =008 ***********************************Ind** =035 ##$$0010-061300000015166 =041 ##$$a Ind =082 ##$$a 2x1.4 =090 ##$$a 2x1.4, ATH-m =100 ##$$a Al-Aththar, Abdul Khalif =245 ##$$a Menolak dan membentengi diri dari siher, Abdul Khaliq Al-Athar Drs.Tarmana Ahmal Qosim =260 ##$$a 1996 $b Bandung =300 ##$$a 381 hlm, 21 cm =650 ##$$a Islam-Kumpulan Ayat =700 ##$$a Penerjemah, Tarmana Ahmad Qosim =850 ##$$a NBPNMAT